000 00701nam a2200289Ia 4500
005 20260324120251.0
008 008 260324s9999 xx 000 0 eng d
020 _a9780203383254
037 _aEBOOK
040 _aCRL
040 _beng
040 _cCRL
041 _2eng
041 _aeng
084 _qCRL
100 _aJoe Deville
_91157889
245 0 _aLived Economies of Default
245 0 _bConsumer Credit, Debt Collection and the Capture of Affect
260 _bTaylor and Francis
260 _c2015
365 _a
365 _b240
856 _uhttp://www.taylorfrancis.com/books/9780203383254
942 _cEBOOK
999 _c1749337
_d1749337